Czy Masz Więcej niż 2 IQ #1 - Statystyki

Ogólne statystyki
  • Ten quiz został rozwiązany 1 386 razy
    1 370 od ostatniego zresetowania
  • Średni wynik to 6 z 10
Statystyki odpowiedzi
Pytanie Odpowiedż % Poprawnych
Wynik Działania 2+2x2 to 6
99%
Jak Ma Na Imię Robert Lewandowski Robert
85%
Rok Rozpoczęcia II Wojny Światowej 1939
83%
Największy Kraj Wchodzący w skład ZSRR Rosja
78%
Królowa Nauk to Matematyka
72%
Napisz Alfabet Alfabet
54%
Rozwiń Skrót ZSRR Związek Socjalistycznych Republik Radzieckich
53%
Rozwiń Skrót USA United States Of America
50%
Największy Kraj Leżący Całkowicie w Europie Szwecja
27%
Ile lat trwała wojna stuletnia 116
24%
Nie znaleziono quizów pasujących do podanych kryteriów
Rozkład punktacji
Procent ludzi z każdym wynikiem
Percentyl według liczby udzielonych odpowiedzi
Twoja historia wyników
Nie rozwiązałeś tego quizu od ostatniego zresetowania